000 00298nam a2200133Ia 4500
100 _aGaonkar/ R.S.
942 _cBK
654 _aComputer
245 _aThe Z 80 Microprocessors : Architecture
260 _bWiley eastern
_aNew Delhi
_c1995
300 _a700
546 _aENGLISH
999 _c26582
_d26582